000
00277nam a22001217a 4500
008
170309b xxu||||| |||| 00| 0 eng d
041
_a
eng
080
_a
61
100
_a
6
101
_a
SHM
245
_a
ANATOMIE MEDICO-CHIRUGICALE DE L'ABDOMEN
_c
GREGOIRE, R
942
_2
udc
_c
BK
999
_c
7379
_d
7379